Amikor a csend már nem opció A Formula 1 és a társadalmi felelősségvállalás új iránya a Black Lives Matter mozgalom fényében

Bibliográfiai részletek
Szerző: Orgován Ágnes Brigitta
További közreműködők: Szatmári Péter
Szondi Dr. György
Dokumentumtípus: Diplomadolgozat
Kulcsszavak:Black Lives Matter
CSR
CSR-stratégia
Forma 1
társadalmi felelősségvállalás
Online Access:http://dolgozattar.uni-bge.hu/59037

MARC

LEADER 00000nta a2200000 i 4500
001 dolg59037
005 20251027142838.0
008 251027suuuu hu om 000 hun d
040 |a BGE Dolgozattár Repozitórium  |b hun 
041 |a hu 
100 1 |a Orgován Ágnes Brigitta 
245 1 0 |a Amikor a csend már nem opció  |b A Formula 1 és a társadalmi felelősségvállalás új iránya a Black Lives Matter mozgalom fényében  |c Orgován Ágnes Brigitta  |h [elektronikus dokumentum] 
520 3 |a A szakdolgozatom célja annak vizsgálata, hogy a Black Lives Matter mozgalom hogyan alakította át a Formula-1 CSR-stratégiáját. Kutatásom során arra kerestem a választ, hogy milyen konkrét intézkedések születtek a sportág részéről, hogyan kommunikálták ezeket a közösségi médiában és milyen hosszú távú céljaik vannak. A dolgozatom első felében a CSR fogalmát, jelentőségét és típusait fejtettem ki, illetve hogy milyen szerepe van a kommunikációban és a marketingben. A stratégiai megközelítést Ligeti György (2007) modellje alapján végeztem. Összeségében a kutatásom alapján megállapítható, hogy a Formula-1 CSR-stratégiája jelentős átalakuláson ment keresztül a BLM mozgalom hatására.A dolgozatom során egy mélyebb betekintést kaphattam arról, hogyan is működik a vállalati társadalmi felelősségvállalás egy olyan globális szervezeten belül, mint a Formula-1, illetve hogy a sport világában miként lehet hitelesen és célirányosan kiállni egy társadalmi probléma mellett. 
695 |a Black Lives Matter 
695 |a CSR 
695 |a CSR-stratégia 
695 |a Forma 1 
695 |a társadalmi felelősségvállalás 
700 1 |a Szatmári Péter  |e ths 
700 1 |a Szondi Dr. György  |e ths 
856 4 0 |u http://dolgozattar.uni-bge.hu/59037/1/Szakdolgozat.pdf  |z Dokumentum-elérés 
856 4 0 |u http://dolgozattar.uni-bge.hu/59037/2/Nyilatkozat%20a%20szakdolgozat%20st%C3%A1tusz%C3%A1r%C3%B3l.pdf  |z Dokumentum-elérés 
856 4 0 |u http://dolgozattar.uni-bge.hu/59037/3/Orgov%C3%A1n%20%C3%81gnes.pdf  |z Dokumentum-elérés 
856 4 0 |u http://dolgozattar.uni-bge.hu/59037/4/Orgov%C3%A1n_%C3%81_biralat.pdf  |z Dokumentum-elérés